| 000 | 00912nam a22002537a 4500 | ||
|---|---|---|---|
| 005 | 20110810113757.0 | ||
| 008 | 110810t xxu||||| |||| 00| 0 eng d | ||
| 010 | _aENG-103460 | ||
| 020 |
_a9788189399344 _c695.00 |
||
| 035 | _aEN-86993 | ||
| 037 | _bDBAD/PUB | ||
| 040 |
_aDPL _bEng |
||
| 082 | _a306.0954 | ||
| 100 |
_931629 _aSharma, Mukta |
||
| 245 |
_aMultiple and identities challenges of culture : _cby Mukta Sharma _bfiction of Bharati Mukherjee / |
||
| 260 |
_aDelhi _bSubhadra Publishers _c2011 |
||
| 270 |
_aB-216 Chandunagar, Karawal Nagar Road _bDelhi _e110094 |
||
| 300 |
_a256p. _c22cm (Hb) |
||
| 500 | _aincludes bibliographical references | ||
| 650 | _931639 | ||
| 700 | _931640 | ||
| 942 |
_2ddc _cEN _mSHA _h306.0954 |
||
| 999 |
_c55534 _d55534 |
||